The night of silvery moon over Barossa Valley / (Record no. 58080)

MARC details
000 -LEADER
fixed length control field 01016nam a22002417a 4500
005 - DATE AND TIME OF LATEST TRANSACTION
control field 20111103154526.0
010 ## - LCCN (DPL NO)
LC control number ENG-104023 B-461438
020 ## - INTERNATIONAL STANDARD BOOK NUMBER
International Standard Book Number 9788124116753
Terms of availability 295.00
035 ## - SYSTEM CONTROL NUMBER
System control number EN-87556 B-461438
037 ## - SOURCE OF ACQUISITION
Source of stock number/acquisition DBAD/PUB
037 ## - SOURCE OF ACQUISITION
Source of stock number/acquisition Virtuous Pub/Ven
082 ## - DEWEY DECIMAL CLASSIFICATION NUMBER
Classification number N
100 ## - MAIN ENTRY--PERSONAL NAME
Personal name Yadav, Krishna
245 ## - TITLE STATEMENT
Title The night of silvery moon over Barossa Valley /
Statement of responsibility, etc by Krishna Yadav
260 ## - PUBLICATION, DISTRIBUTION, ETC. (IMPRINT)
Place of publication, distribution, etc New Delhi
Name of publisher, distributor, etc Har-Anand Publications
Date of publication, distribution, etc 2012
270 ## - ADDRESS
Address E-49/3, Okhla Industrial Area, Phase-II
City New Delhi
Postal code 110020
300 ## - PHYSICAL DESCRIPTION
Extent 149p.
Dimensions 22cm (pbk)
700 ## - ADDED ENTRY--PERSONAL NAME
9 (RLIN) 35668
942 ## - ADDED ENTRY ELEMENTS (KOHA)
Source of classification or shelving scheme Dewey Decimal Classification
Item type English Books
Classification part N
Call number suffix YAD
Holdings
Withdrawn status Lost status Not for loan Collection code Home library Current library Date acquired Source of acquisition Cost, normal purchase price Full call number Barcode Copy number Cost, replacement price Koha item type
      Fiction Central Library Central Library 24/08/2012 Virtuous Pub/IN937/04.02.2012/28/18.01.2012/10.02.2012 295.00 N YAD B-461438 1 1295.00 English Books
    Not For Loan Fiction D.B.Act.Division D.B.Act.Division 03/11/2011 DBAD/PUB 295.00 N YAD EN-87556 1 295.00 English Books

© Delhi Public Library
Hit Counter
free hit counter